000 00363nam a2200133Ia 4500
005 20260328104341.0
008 260328s9999||||xx |||||||||||||| ||und||
100 _aSharp, Dennis
245 0 _aHistoria en imagenes de la Arquitectura del Siglo XX /
_cDennis Sharp
260 _bGustavo Gili
300 _a312 p.
650 _aARQUITECTURA 1900-1960
942 _cBK
999 _c12101
_d12101